000 00703nam a2200253Ia 4500
003 OSt
005 20220918164736.0
006 a|||||r|||| 00| 0
007 ta
008 220917b |||||||| |||| 00| 0 eng d
020 _a0745323901 (pbk)
024 _a234,505
037 _cTextual
040 _aARTS
_cARTS
_beng
041 _2eng
_aeng
082 _aXM, P5
100 _aWall Derek
_920426
245 0 _aBabylon and beyond
_b the economics of anti-capitalist, anti-globalist and radical green movements
260 _aLondon
_bPluto Press UK
_c2005
300 _axv,220p.
_ccm.
650 _aECONOMICS
942 _hXM, P5
_cTEXL
_2CC
999 _c126299
_d126299